[Event "ch-FRA Blitz Online Qual"]
[Site "Europe-Chess INT"]
[Date "2020.05.16"]
[Round "10"]
[White "Iglesias, Christophe"]
[Black "Jouneau, Quentin"]
[Result "1-0"]
[WhiteElo "1815"]
[BlackElo "2018"]
[WhiteFideId "551007584"]
[BlackFideId "649716"]
[EventDate "2020.05.16"]

1. e4 c5 2. Ne2 Nc6 3. Nbc3 e6 4. g3 Nf6 5. Bg2 Be7 6. d3 O-O 7. O-O a6 8. f4 d6
9. h3 Qc7 10. g4 h6 11. Ng3 Nh7 12. Nce2 Bh4 13. Be3 b6 14. Nh5 g6 15. Nhg3 Bb7
16. c3 Rae8 17. b3 f5 18. exf5 exf5 19. Bf2 fxg4 20. hxg4 Nf6 21. Bh3 Ne7 22.
Ne4 Nxe4 23. Bxh4 Nf6 24. Bxf6 Rxf6 25. Qd2 Qc6 26. Ng3 Nd5 27. Ne4 Rfe6 28. f5
gxf5 29. gxf5 Rxe4 30. dxe4 Rxe4 31. Qg2+ Kf8 32. Qxe4 Qd7 33. Bg2 Qg7 34. f6
Qg3 35. Rae1 Bc6 36. f7 Nb4 37. Qe7+ Kg7 38. f8=Q+ Kg6 39. Qef6+ Kh5 40. Q8xh6+ 1-0

[Event "ch-FRA Blitz Online Qual"]
[Site "Europe-Chess INT"]
[Date "2020.05.16"]
[Round "10"]
[White "Thomas, Anysia"]
[Black "Bellahcene, Sofia"]
[Result "1-0"]
[WhiteTitle "WFM"]
[WhiteElo "2160"]
[BlackElo "1948"]
[WhiteFideId "670472"]
[BlackFideId "26075954"]
[EventDate "2020.05.16"]

1. d4 d5 2. c4 e6 3. Nf3 Nf6 4. g3 c6 5. Bg2 dxc4 6. O-O b5 7. Ne5 Bb7 8. a4 Qc7
9. Nc3 a6 10. axb5 axb5 11. Rxa8 Bxa8 12. Nxb5 cxb5 13. Bxa8 Be7 14. Bf4 Qa7 15.
Bg2 O-O 16. e3 Nbd7 17. Nc6 Qa2 18. Nxe7+ Kh8 19. Qa1 Qb3 20. Nc6 Rc8 21. Ne5
Nxe5 22. Bxe5 b4 23. Bxf6 gxf6 24. Rc1 f5 25. Qa6 Rc7 26. Qd6 Rc8 27. Qd7 Rf8
28. Qe7 Kg8 29. Qc5 Qxb2 30. Qxc4 b3 31. Qc3 Qa3 32. Qe1 b2 33. Rb1 Ra8 34. h4
Ra7 35. Kh2 Rc7 36. Qd2 Qd6 37. Qxb2 f4 38. exf4 Rd7 39. Qb8+ Qxb8 40. Rxb8+ Kg7
41. Rb4 Kf6 42. g4 Kg6 43. Kg3 h6 44. Be4+ Kf6 45. g5+ hxg5 46. fxg5+ Kg7 47. f4
f5 48. gxf6+ Kxf6 49. h5 Rg7+ 50. Bg6 Rd7 51. Kg4 Rd5 52. Rc4 Ra5 53. Be4 Ra1
54. h6 Rg1+ 55. Kf3 Rf1+ 56. Kg3 Rg1+ 57. Kf2 Rg4 58. h7 Rh4 59. Rc8 Kg7 60.
h8=Q+ Rxh8 61. Rxh8 Kxh8 62. Kg3 Kg7 63. Kg4 Kf6 64. Bf3 Ke7 65. Kg5 Kd6 66. Kf6
Kd7 67. Bg4 Kd6 68. Bxe6 1-0

[Event "ch-FRA Blitz Online Qual"]
[Site "Europe-Chess INT"]
[Date "2020.05.16"]
[Round "10"]
[White "Mezouaghi, Miloud"]
[Black "Zeller, Thomas"]
[Result "0-1"]
[WhiteElo "1999"]
[BlackElo "1792"]
[WhiteFideId "612634"]
[BlackFideId "26057069"]
[EventDate "2020.05.16"]

1. e4 e5 2. Nf3 Nc6 3. Bc4 Nf6 4. Ng5 Bc5 5. Bxf7+ Ke7 6. Bd5 d6 7. h3 Qe8 8. d3
h6 9. Nf3 Rf8 10. Be3 Bxe3 11. fxe3 Qg6 12. Qe2 Nh5 13. Qf2 Ng3 14. Rg1 Nb4 15.
Bb3 a5 16. Na3 a4 17. Bc4 c6 18. c3 Na6 19. Bxa6 Rxa6 20. O-O-O Be6 21. Kb1 b5
22. Nc2 c5 23. Qe1 Rb8 0-1

[Event "ch-FRA Blitz Online Qual"]
[Site "Europe-Chess INT"]
[Date "2020.05.16"]
[Round "10"]
[White "Nguyen, Thao Nhi"]
[Black "Delabarre, Olivier"]
[Result "1-0"]
[WhiteElo "1951"]
[BlackElo "1997"]
[WhiteFideId "36000310"]
[BlackFideId "632481"]
[EventDate "2020.05.16"]

1. e4 c5 2. Nc3 a6 3. d3 b5 4. g3 Bb7 5. Bg2 e6 6. f4 b4 7. Nce2 d5 8. e5 h5 9.
d4 cxd4 10. Nxd4 Nc6 11. Ngf3 Nh6 12. c3 g6 13. O-O Nf5 14. Qa4 Qd7 15. Nxf5
gxf5 16. cxb4 Nxb4 17. Qxd7+ Kxd7 18. Be3 Nc2 19. Rae1 Nxe3 20. Rxe3 Bc5 21. Re1
Rac8 22. Kf2 Bxe3+ 23. Kxe3 Rc2 24. Re2 Rhc8 25. Nd4 Rxe2+ 26. Kxe2 Rc1 27. Kd2
Rg1 28. Bf3 Rf1 29. Bxh5 Rf2+ 30. Kc3 Rxh2 31. Bxf7 Rg2 32. Bxe6+ Ke8 33. Nxf5
d4+ 34. Kxd4 Rxb2 35. Nd6+ Ke7 36. Bb3 Rd2+ 37. Ke3 Rg2 38. Nxb7 Rxg3+ 39. Ke4
Rg1 40. f5 Re1+ 41. Kd5 Rd1+ 42. Bxd1 1-0

[Event "ch-FRA Blitz Online Qual"]
[Site "Europe-Chess INT"]
[Date "2020.05.16"]
[Round "10"]
[White "Lardon, Quentin"]
[Black "Rasolo, Loick"]
[Result "0-1"]
[WhiteElo "2013"]
[BlackElo "1951"]
[WhiteFideId "36050407"]
[BlackFideId "36004049"]
[EventDate "2020.05.16"]

1. c4 e5 2. Nc3 Bb4 3. g3 Bxc3 4. bxc3 d6 5. Bg2 c6 6. d4 Qe7 7. Ba3 c5 8. e3
Be6 9. Bxb7 Qxb7 10. d5 Bf5 11. Ne2 Nf6 12. O-O O-O 13. f4 Nbd7 14. fxe5 Nxe5
15. Rxf5 Nxc4 16. Bc1 Qe7 17. Qd3 Ne5 18. Qc2 Rae8 19. c4 Neg4 20. Rf3 Ne5 21.
Rf1 Neg4 22. Rf3 Qe4 23. Qxe4 Rxe4 24. Rf4 Rfe8 25. Bd2 Nxe3 26. Rxe4 Rxe4 27.
Bxe3 Rxe3 28. Rb1 Rxe2 29. Rb8+ Re8 30. Rb7 Ra8 31. Kg2 g6 32. Kf3 Kg7 33. g4 h6
34. h4 g5 35. hxg5 hxg5 36. a4 Kg6 37. a5 Rh8 38. Rxa7 Rh3+ 39. Kg2 Rh4 40. Ra6
Rxg4+ 41. Kf3 Rxc4 42. Rxd6 Ra4 43. a6 Kf5 44. Rc6 Nxd5 45. Rxc5 Ke5 46. Rc6 f5
47. Rg6 g4+ 48. Kg2 f4 49. Rh6 Ra2+ 50. Kf1 Ne3+ 51. Ke1 f3 52. Rh5+ Ke4 53. Rc5
f2# 0-1

[Event "ch-FRA Blitz Online Qual"]
[Site "Europe-Chess INT"]
[Date "2020.05.16"]
[Round "10"]
[White "Acudad, Marsuk"]
[Black "Gautier, Nathan"]
[Result "0-1"]
[WhiteElo "1665"]
[BlackElo "2064"]
[WhiteFideId "689157"]
[BlackFideId "26093030"]
[EventDate "2020.05.16"]

1. d4 Nf6 2. c4 g6 3. Nc3 Bg7 4. e4 d6 5. Nf3 O-O 6. Be2 e5 7. O-O Nc6 8. d5 Ne7
9. Bg5 Nh5 10. Qd2 f6 11. Bh6 f5 12. Rfe1 f4 13. Bxg7 Kxg7 14. h3 Ng8 15. a4
Nhf6 16. c5 Rf7 17. a5 a6 18. b4 h6 19. Qb2 g5 20. Nd2 h5 21. cxd6 cxd6 22. Na4
g4 23. h4 f3 24. Bf1 fxg2 25. Bxg2 Nh7 26. Nb6 Qxh4 27. Nxa8 Qxf2+ 28. Kh1 Qh4+
29. Kg1 Ng5 30. Rf1 Nf6 31. Nc4 g3 32. Bh1 Nh3+ 33. Kg2 Nf4+ 34. Kg1 Ng4 0-1

[Event "ch-FRA Blitz Online Qual"]
[Site "Europe-Chess INT"]
[Date "2020.05.16"]
[Round "10"]
[White "Henry, Tony"]
[Black "Hassler, Tim"]
[Result "1-0"]
[WhiteElo "1979"]
[BlackElo "1933"]
[WhiteFideId "622427"]
[BlackFideId "36052566"]
[EventDate "2020.05.16"]

1. e4 e6 2. d4 d5 3. e5 c5 4. c3 Nc6 5. Nf3 Bd7 6. Be2 f6 7. exf6 Nxf6 8. O-O
Qc7 9. Bg5 O-O-O 10. Nbd2 h6 11. Bh4 Bd6 12. Bg3 Bxg3 13. hxg3 cxd4 14. cxd4 g5
15. Rc1 Rdg8 16. Ne5 h5 17. Nb3 h4 18. g4 Ne4 19. Nc5 Nxc5 20. Rxc5 Kb8 21. b4
Qb6 22. Nxd7+ Kc7 23. Nxb6 axb6 24. Rc2 Kd6 25. Qd2 h3 26. g3 Rh6 27. b5 Ne7 28.
Qb4+ Kd7 29. Rfc1 h2+ 30. Kh1 Rh7 31. Rc7+ Kd8 32. Qd6+ Ke8 33. Bd3 Rhg7 34.
Qxe6 Rf8 35. Rc8# 1-0

[Event "ch-FRA Blitz Online Qual"]
[Site "Europe-Chess INT"]
[Date "2020.05.16"]
[Round "10"]
[White "Goyer, Lionel"]
[Black "Le Pen, Steven"]
[Result "0-1"]
[WhiteElo "1782"]
[BlackElo "2141"]
[WhiteFideId "20628706"]
[BlackFideId "612197"]
[EventDate "2020.05.16"]

1. d4 Nf6 2. Nf3 g6 3. Bg5 Bg7 4. e3 d5 5. Nbd2 O-O 6. Be2 c5 7. c3 Nc6 8. O-O
b6 9. Rc1 Bb7 10. h3 Ne4 11. Nxe4 dxe4 12. Nd2 h6 13. Bh4 g5 14. Bg3 f5 15. dxc5
Kh7 16. cxb6 Qxb6 17. Nb3 Rad8 18. Qc2 Ne5 19. Bxe5 Bxe5 20. Nd4 Qg6 21. Qa4 a6
22. Bc4 Rf6 23. Qb4 Rd7 24. Qc5 Bd6 25. Qa5 g4 26. hxg4 Qxg4 27. Be6 Qh4 28.
Bxf5+ Kh8 29. Bh3 Rg6 30. Kh1 Rg5 31. Nf5 Qh5 32. Qa4 Rd8 33. Qd4+ Kh7 34. Qd1
Rxf5 35. Qxh5 Rxh5 36. Kg1 Rg8 37. Rcd1 Rxh3 38. g3 Bc8 39. Kg2 Bg4 40. Rd5 Rh5 0-1

[Event "ch-FRA Blitz Online Qual"]
[Site "Europe-Chess INT"]
[Date "2020.05.16"]
[Round "10"]
[White "Cuttoli, Alexandre"]
[Black "Revel, Adrien"]
[Result "1-0"]
[WhiteElo "2044"]
[BlackElo "1859"]
[WhiteFideId "36007293"]
[BlackFideId "624179"]
[EventDate "2020.05.16"]

1. d4 Nf6 2. Bg5 c5 3. c3 cxd4 4. cxd4 d5 5. Nc3 e6 6. Nf3 Be7 7. e3 O-O 8. Rc1
Nc6 9. a3 h6 10. Bh4 Ne4 11. Bxe7 Qxe7 12. Nxe4 dxe4 13. Nd2 f5 14. Bc4 Kh8 15.
O-O e5 16. d5 Na5 17. Ba2 b6 18. b4 Nb7 19. Nc4 Rd8 20. Qd2 Be6 21. Nxe5 Bxd5
22. Ng6+ 1-0

[Event "ch-FRA Blitz Online Qual"]
[Site "Europe-Chess INT"]
[Date "2020.05.16"]
[Round "10"]
[White "Carlier-Bromberg, Paul"]
[Black "Zienkiewicz, Alexandre"]
[Result "0-1"]
[WhiteElo "1790"]
[BlackElo "2049"]
[WhiteFideId "36099155"]
[BlackFideId "20610327"]
[EventDate "2020.05.16"]

1. e4 g6 2. d4 Bg7 3. Nf3 d6 4. Nc3 a6 5. Be3 b5 6. a3 Nd7 7. Bd3 Bb7 8. O-O c5
9. dxc5 Nxc5 10. Bxc5 dxc5 11. Rb1 e6 12. Nxb5 axb5 13. Bxb5+ Ke7 14. Qe2 Nf6
15. Nd2 Qb6 16. Bd3 Ba6 17. Bxa6 Qxa6 18. Qe3 Nd7 19. Nb3 Qc6 20. Rfd1 Rhd8 21.
f3 Rab8 22. Qg5+ Ke8 23. h4 h5 24. Qe3 c4 25. Nd2 Nb6 26. Qe2 Bf6 27. g3 c3 28.
bxc3 Qxc3 29. Nb3 Rxd1+ 30. Rxd1 Nc4 31. Rd3 Qb2 32. Rd1 Ne5 33. f4 Ng4 34. e5
Be7 35. Qc4 Qxa3 36. Qc7 Rd8 37. Qc6+ Kf8 38. Rxd8+ Bxd8 39. Qc8 Qa7+ 40. Kg2
Qf2+ 41. Kh1 Qh2# 0-1

[Event "ch-FRA Blitz Online Qual"]
[Site "Europe-Chess INT"]
[Date "2020.05.16"]
[Round "10"]
[White "Maccagnan, Tomas"]
[Black "Chung, Mathilde"]
[Result "0-1"]
[BlackTitle "WFM"]
[WhiteElo "1968"]
[BlackElo "2083"]
[WhiteFideId "26091763"]
[BlackFideId "676446"]
[EventDate "2020.05.16"]

1. e4 c5 2. Nf3 Nc6 3. d4 cxd4 4. Nxd4 Qb6 5. Nb3 Nf6 6. Nc3 e6 7. Be3 Qc7 8.
Be2 Bb4 9. O-O a6 10. Qd3 b5 11. f4 d6 12. Bf3 Bb7 13. Rad1 Rd8 14. f5 Ne5 15.
Qe2 Bxc3 16. bxc3 O-O 17. fxe6 fxe6 18. Bd4 Nxf3+ 19. Rxf3 Bxe4 20. Re3 d5 21.
Nc5 e5 22. Ne6 Qd6 23. Nxf8 exd4 24. cxd4 Rxf8 25. Rf1 Qd7 26. a4 Rc8 27. c3
bxa4 28. Qxa6 Qc6 29. Qa5 Ra8 30. Qb4 a3 31. Ra1 a2 32. Re2 Bb1 33. Qe7 Re8 34.
Qxe8+ Nxe8 35. Kf2 Qxc3 0-1

[Event "ch-FRA Blitz Online Qual"]
[Site "Europe-Chess INT"]
[Date "2020.05.16"]
[Round "10"]
[White "Monnot, Leo"]
[Black "Schrefheere, Anthime"]
[Result "1-0"]
[WhiteElo "1964"]
[BlackElo "1750"]
[WhiteFideId "26093103"]
[BlackFideId "657646"]
[EventDate "2020.05.16"]

1. e4 d6 2. d4 Nf6 3. Nc3 g6 4. Nf3 Bg7 5. Be2 c6 6. O-O O-O 7. Bg5 Nbd7 8. Qd2
Re8 9. Rad1 Qc7 10. Bh6 Bh8 11. Qg5 e5 12. dxe5 Nxe5 13. Nxe5 Rxe5 14. Qg3 Nxe4
15. Nxe4 Rxe4 16. Rxd6 Qe7 17. Bd3 Re6 18. Rxe6 Bxe6 19. f4 f5 20. h4 Re8 21. h5
Bf7 22. Kh1 Qe3 23. Qg5 Bg7 24. Bxg7 Kxg7 25. h6+ Kf8 26. Qf6 b5 27. Qg7+ Ke7
28. Qxh7 Rg8 29. a4 a6 30. axb5 axb5 31. Ra1 Kf6 32. Ra6 Qe1+ 33. Kh2 Qh4+ 34.
Kg1 Qe1+ 35. Bf1 Qe3+ 36. Kh1 Qe4 37. Ra7 Qd5 38. Be2 Qe6 39. b3 Qd5 40. c4 1-0

[Event "ch-FRA Blitz Online Qual"]
[Site "Europe-Chess INT"]
[Date "2020.05.16"]
[Round "10"]
[White "Ros, David"]
[Black "Boulos, Carlos"]
[Result "1-0"]
[WhiteElo "1767"]
[BlackElo "2147"]
[WhiteFideId "36079103"]
[BlackFideId "5302749"]
[EventDate "2020.05.16"]

1. e4 e5 2. Nf3 Nc6 3. d4 exd4 4. Nxd4 Bc5 5. Nb3 Bb6 6. a4 a6 7. Nc3 d6 8. Nd5
Ba7 9. Be2 Nge7 10. c4 O-O 11. O-O Ne5 12. Kh1 c6 13. Nxe7+ Qxe7 14. f3 f5 15.
exf5 Bxf5 16. Bd2 Rae8 17. Bc3 Ng6 18. Bd3 Qh4 19. Bxf5 Rxf5 20. Nd4 Rh5 21. h3
Nf4 22. Re1 Rf8 23. Re4 Qg3 24. Rxf4 Rxf4 25. Qe2 h6 26. Qe8+ Kh7 27. Qxh5 Rf6
28. Nf5 Qf4 29. Bxf6 gxf6 30. Qf7+ Kh8 31. Qg7# 1-0

[Event "ch-FRA Blitz Online Qual"]
[Site "Europe-Chess INT"]
[Date "2020.05.16"]
[Round "10"]
[White "Salami, Reza"]
[Black "Quere, Alexandre"]
[Result "1-0"]
[WhiteElo "1882"]
[BlackElo "2022"]
[WhiteFideId "618659"]
[BlackFideId "631086"]
[EventDate "2020.05.16"]

1. d4 Nf6 2. Nf3 g6 3. Nc3 c5 4. dxc5 Na6 5. e4 Nxc5 6. e5 Ng8 7. Bc4 Bg7 8. O-O
Ne6 9. Be3 Qc7 10. Bb3 Bxe5 11. Nb5 Qb8 12. Bd4 Bxd4 13. Nfxd4 Nf6 14. Nxe6 dxe6
15. Qd2 a6 16. Nc3 O-O 17. Rad1 b5 18. Qh6 Ra7 19. Rd3 Rd7 20. Rh3 Rd4 21. Ne2
Re4 22. Ng3 Rg4 23. c3 Qf4 24. Bd1 Qxh6 25. Rxh6 Rc4 26. Re1 Kg7 27. Rh3 e5 28.
b3 Rxc3 29. Nh5+ Nxh5 30. Rxc3 f6 31. Bxh5 gxh5 32. Rec1 Bf5 33. Rc7 Rf7 34. Ra7
e6 35. Rxf7+ Kxf7 36. Rc6 Bd3 37. Rxa6 e4 38. Ra7+ Kg6 39. g3 f5 40. a4 bxa4 41.
bxa4 e5 42. a5 f4 43. a6 e3 44. fxe3 fxe3 45. Re7 e4 46. a7 e2 47. Kf2 Kf6 48.
Rxh7 e3+ 49. Ke1 Kg5 50. Rg7+ Kf6 51. Rg8 Be4 52. a8=Q Bxa8 53. Rxa8 Kf5 54. Re8
Kg4 55. Rxe3 Kh3 56. Rxe2 h4 57. Rf2 hxg3 58. hxg3 Kxg3 59. Ke2 Kg4 60. Ke3 Kg5
61. Rf4 Kg6 62. Ke4 Kg5 63. Ke5 1-0

[Event "ch-FRA Blitz Online Qual"]
[Site "Europe-Chess INT"]
[Date "2020.05.16"]
[Round "10"]
[White "Galhaud, Jean-Philippe"]
[Black "Courbi, Stephane"]
[Result "1/2-1/2"]
[WhiteElo "1749"]
[BlackElo "1955"]
[WhiteFideId "26001349"]
[BlackFideId "647462"]
[EventDate "2020.05.16"]

1. e4 e5 2. d4 exd4 3. Bc4 Nc6 4. Nf3 Bc5 5. O-O Nf6 6. e5 d5 7. exf6 dxc4 8.
fxg7 Rg8 9. Bg5 f6 10. Re1+ Kf7 11. Ne5+ Nxe5 12. Rxe5 Bd6 13. Qh5+ Kxg7 14.
Qh6+ Kf7 15. Qh5+ Rg6 16. Qxh7+ Rg7 17. Qh5+ Rg6 18. Qh7+ Rg7 19. Qh5+ Rg6 20.
Qh7+ 1/2-1/2

[Event "ch-FRA Blitz Online Qual"]
[Site "Europe-Chess INT"]
[Date "2020.05.16"]
[Round "10"]
[White "Ibrouchene, Christophe"]
[Black "Joly, Julien"]
[Result "0-1"]
[WhiteElo "1797"]
[BlackElo "2188"]
[WhiteFideId "45110786"]
[BlackFideId "26082284"]
[EventDate "2020.05.16"]

1. f4 d5 2. Nf3 Nf6 3. e3 g6 4. Be2 Bg7 5. Kf1 O-O 6. Nc3 c5 7. h3 d4 8. exd4
cxd4 9. Nb5 Ne4 10. Kg1 a6 11. Na3 Ng3 12. Rh2 b5 13. c3 d3 14. Bf1 Qb6+ 0-1

[Event "ch-FRA Blitz Online Qual"]
[Site "Europe-Chess INT"]
[Date "2020.05.16"]
[Round "10"]
[White "Carme, Jeremie"]
[Black "Babaud, Antoine"]
[Result "0-1"]
[WhiteElo "1659"]
[BlackElo "1943"]
[WhiteFideId "45184593"]
[BlackFideId "45185484"]
[EventDate "2020.05.16"]

1. e4 c5 2. Nf3 Nc6 3. d4 cxd4 4. Nxd4 Nf6 5. Nc3 e6 6. f4 d6 7. Nxc6 bxc6 8.
Be3 d5 9. e5 Nd7 10. Be2 Be7 11. O-O O-O 12. Qe1 c5 13. Bd2 Bb7 14. Qg3 d4 15.
Nd1 f5 16. Bf3 Rb8 17. Bxb7 Rxb7 18. b3 Nb6 19. Nb2 Kh8 20. Qf3 Rd7 21. Qh5 Rg8
22. Rf3 g5 23. Rh3 Rg7 24. fxg5 Bxg5 25. Ba5 Be3+ 26. Kh1 Qa8 27. Nd3 Qxg2# 0-1

[Event "ch-FRA Blitz Online Qual"]
[Site "Europe-Chess INT"]
[Date "2020.05.16"]
[Round "10"]
[White "Blachon, Pascal"]
[Black "Herbin, Alexandre"]
[Result "1-0"]
[WhiteElo "1955"]
[BlackElo "1869"]
[WhiteFideId "636320"]
[BlackFideId "36047783"]
[EventDate "2020.05.16"]

1. e4 c5 2. Nf3 Nc6 3. Nc3 g6 4. Bb5 Nd4 5. O-O Bg7 6. Re1 Nxb5 7. Nxb5 d6 8. d4
a6 9. Nc3 cxd4 10. Nxd4 Nf6 11. Bg5 O-O 12. Qd2 b5 13. a3 Bb7 14. Bh6 Qb6 15.
Bxg7 Kxg7 16. Rad1 Rac8 17. Kh1 Rc4 18. f3 Rfc8 19. Nde2 b4 20. axb4 Qxb4 21.
Qc1 a5 22. Nf4 a4 23. Nd3 Qa5 24. Re2 a3 25. Na2 axb2 26. Qxb2 Ba6 27. Nab4 Rb8
28. Ra1 Rcxb4 29. Rxa5 Rxb2 30. Rxa6 Rb1+ 31. Ne1 R8b2 32. Kg1 Rc1 33. Kf2 Nh5
34. Nd3 Rcxc2 35. Nxb2 Rxe2+ 36. Kxe2 Nf4+ 37. Kf2 Ne6 38. Ra7 Kf6 39. g3 g5 40.
Nd3 h5 41. f4 g4 42. Ke3 Nd8 43. Ra5 Nc6 44. Rxh5 Nd8 45. Ra5 Nc6 46. Ra6 Nb8
47. Rb6 Nd7 48. Rb7 Nf8 49. Nf2 Ne6 50. Nxg4+ Kg7 51. Rxe7 d5 52. exd5 Nc5 53.
Ra7 Nb3 54. Ne5 Nc5 55. Rxf7+ Kg8 56. Ra7 Nb3 57. h4 Nc5 58. h5 Ne6 59. dxe6 Kh8
60. e7 Kg7 61. e8=Q+ Kh6 62. Qg6# 1-0

[Event "ch-FRA Blitz Online Qual"]
[Site "Europe-Chess INT"]
[Date "2020.05.16"]
[Round "10"]
[White "Haberthur, Maxime"]
[Black "Le Bail, Stephane"]
[Result "1-0"]
[WhiteElo "1941"]
[BlackElo "1746"]
[WhiteFideId "36097551"]
[BlackFideId "655368"]
[EventDate "2020.05.16"]

1. e4 e5 2. Nf3 Nc6 3. Bb5 Bc5 4. O-O d6 5. c3 Bd7 6. d4 exd4 7. cxd4 Bb6 8. Nc3
a6 9. Ba4 Nge7 10. Bb3 O-O 11. a3 Ng6 12. Re1 Kh8 13. Ng5 Be8 14. Qh5 h6 15. Nf3
Nxd4 16. Nxd4 Bxd4 17. Bxh6 gxh6 18. Qxh6+ Kg8 19. Qxg6+ Bg7 20. Qh5 Bxc3 21.
bxc3 Qf6 22. Re3 Qg7 23. Rg3 Qxg3 24. hxg3 Kg7 25. Qg5+ Kh7 26. Kh2 Rg8 27. Qh5+
Kg7 28. Rh1 Kf8 29. Kg1 Ke7 30. Qh4+ f6 31. Bxg8 Bd7 32. Qh7+ 1-0

[Event "ch-FRA Blitz Online Qual"]
[Site "Europe-Chess INT"]
[Date "2020.05.16"]
[Round "10"]
[White "Maugin, Narada"]
[Black "Lavanant, Alexandre"]
[Result "1-0"]
[WhiteElo "1947"]
[BlackElo "1937"]
[WhiteFideId "45165025"]
[BlackFideId "654949"]
[EventDate "2020.05.16"]

1. c4 e5 2. Nc3 Nf6 3. Nf3 e4 4. Ng5 b5 5. d3 bxc4 6. dxe4 h6 7. Nxf7 Kxf7 8. e5
Bb7 9. exf6 Qxf6 10. e4 Bc5 11. Qh5+ Ke7 12. Qxc5+ Kd8 13. Bxc4 d6 14. Qb5 Kc8
15. O-O h5 16. Nd5 Qd8 17. Be3 Nd7 18. Rac1 Rb8 19. Bxa7 Bxd5 20. Qxb8+ Nxb8 21.
Bxd5 g5 22. Bb6 Na6 23. b4 Rh7 24. b5 Nc5 25. Bxc5 dxc5 26. Rxc5 Kb8 27. Rfc1 h4
28. R1c3 h3 29. Rc6 Qe7 30. gxh3 Qf8 31. Ra6 c6 32. Bxc6 Ra7 33. Rb6+ Kc7 34.
Ra6 Rxa6 35. bxa6 Kb6 36. Bd5 Kxa6 37. Kg2 Qf4 38. Rc6+ Kb5 39. f3 Qd2+ 40. Kg3
Qf4+ 41. Kg2 Kb4 42. Rc2 Qe5 43. Bb3 Qd4 44. Kg3 Qe3 45. Kg4 Qf4+ 46. Kh5 Qxf3+
47. Kxg5 Qxh3 48. Rc4+ Kb5 49. Rc2 Qf1 50. Bc4+ Qxc4 51. Rxc4 Kxc4 52. h4 1-0

[Event "ch-FRA Blitz Online Qual"]
[Site "Europe-Chess INT"]
[Date "2020.05.16"]
[Round "10"]
[White "Tulliez, Andre"]
[Black "Khachatryan, Samvel S."]
[Result "1/2-1/2"]
[WhiteElo "1777"]
[BlackElo "2179"]
[WhiteFideId "45107181"]
[BlackFideId "13309048"]
[EventDate "2020.05.16"]

1. e4 d5 2. exd5 Nf6 3. Nc3 Nxd5 4. Nxd5 Qxd5 5. Nf3 Nc6 6. Be2 Bg4 7. O-O O-O-O
8. d3 e5 9. Be3 Bc5 10. Bxc5 Qxc5 11. b4 Nxb4 12. Nxe5 Qxe5 13. Bxg4+ f5 14. Bf3
g5 15. Rb1 Nd5 16. c4 Nb6 17. Re1 Qd4 18. h3 c6 19. Qe2 Qxd3 20. Qe6+ Qd7 21.
Qe2 Rhe8 22. Qc2 Rxe1+ 23. Rxe1 Qd3 24. Qxd3 Rxd3 25. Re8+ Kc7 26. Rf8 f4 27.
Rg8 h6 28. c5 Nd7 29. Rh8 Nxc5 30. Rxh6 Rd6 31. Rh7+ Rd7 32. Rh5 Rg7 33. h4 g4
34. Bxg4 Rxg4 35. Rxc5 Rxh4 36. g3 fxg3 37. fxg3 Ra4 38. Rc2 Kd6 39. Kg2 c5 40.
Kf3 Ra3+ 41. Kf4 Rd3 42. g4 Rd4+ 43. Kf5 c4 44. g5 b5 45. g6 Rd1 46. Rg2 Rf1+
47. Ke4 Rf8 48. g7 Rg8 49. Kd4 a5 50. Rg5 Kc6 51. Rg6+ Kb7 52. Kc5 c3 53. Kxb5
c2 54. Rg1 Ka8 55. Kxa5 Rxg7 56. Rc1 Rc7 57. Kb4 Kb7 58. Kb3 Ka6 59. Kb2 Ka5 60.
Rh1 c1=Q+ 61. Rxc1 Rxc1 62. Kxc1 Ka4 63. Kb2 1/2-1/2

[Event "ch-FRA Blitz Online Qual"]
[Site "Europe-Chess INT"]
[Date "2020.05.16"]
[Round "10"]
[White "Breuil, Virgile"]
[Black "Cleran, Anthony"]
[Result "1-0"]
[WhiteElo "1622"]
[BlackElo "1933"]
[WhiteFideId "45163693"]
[BlackFideId "626066"]
[EventDate "2020.05.16"]

1. e4 c5 2. c3 Nf6 3. e5 Nd5 4. d4 cxd4 5. cxd4 Nc6 6. Nf3 e6 7. Be2 d6 8. exd6
Bxd6 9. O-O O-O 10. Nc3 Bb4 11. Bd2 b6 12. Qb3 Nce7 13. a3 Bd6 14. Bb5 Bb7 15.
Rfe1 Rc8 16. Rac1 a6 17. Be2 b5 18. Nxd5 Nxd5 19. Rxc8 Qxc8 20. Rc1 Qd7 21. Qd1
Rc8 22. Bc3 Qd8 23. Bd2 Rxc1 24. Qxc1 Qc8 25. Qxc8+ Bxc8 26. Kf1 Bb7 27. Ke1 Nf4
28. Bxf4 Bxf4 29. g3 Bc1 30. b3 Bxa3 31. Ne5 f6 32. Nd3 Bd5 33. b4 Bc4 34. Kd2
Bxd3 35. Kxd3 Bxb4 36. Bf3 Bd6 37. Bc6 Kf7 38. Kc3 Ke7 39. f4 Kd8 40. Kb3 Kc7
41. Be8 e5 42. dxe5 fxe5 43. fxe5 Bxe5 44. Kb4 Kb6 45. Bf7 a5+ 46. Kb3 Kc5 47.
Bg8 h5 48. Bf7 h4 49. gxh4 Bxh2 50. h5 a4+ 51. Ka3 Bf4 52. Be6 Bd6 53. Bd7 Kc4+
54. Kb2 a3+ 55. Ka2 Kb4 56. Be6 Bf4 57. Bb3 Bg5 58. Bf7 Be7 59. Be6 Kc3 60. Bf7
Kd4 61. Be6 Ke5 62. Bf7 Kf6 63. Bg6 Kg5 64. Kb3 Bd6 65. Be8 1-0

[Event "ch-FRA Blitz Online Qual"]
[Site "Europe-Chess INT"]
[Date "2020.05.16"]
[Round "10"]
[White "Gherghinoiu, Lucas"]
[Black "Billot, Daniel"]
[Result "1-0"]
[WhiteElo "2089"]
[BlackElo "1679"]
[WhiteFideId "36051462"]
[BlackFideId "618004"]
[EventDate "2020.05.16"]

1. e4 d5 2. exd5 Qxd5 3. Nc3 Qd8 4. d4 Nf6 5. Nf3 Bg4 6. Be2 c6 7. Be3 e6 8. O-O
Nbd7 9. h3 Bxf3 10. Bxf3 Bd6 11. Qe2 O-O 12. Rad1 Qc7 13. Ne4 Nxe4 14. Bxe4 Nf6
15. Bd3 Nd5 16. c4 Nxe3 17. fxe3 Rae8 18. Bb1 e5 19. d5 e4 20. Qg4 f5 21. Rxf5
Rxf5 22. Qxf5 Rf8 23. Qxe4 g6 24. dxc6 Bh2+ 25. Kh1 Bg3 26. cxb7 Qf7 27. Qd5 1-0

[Event "ch-FRA Blitz Online Qual"]
[Site "Europe-Chess INT"]
[Date "2020.05.16"]
[Round "10"]
[White "Baudouin, Simon"]
[Black "Azizyan, Rafayel"]
[Result "1-0"]
[WhiteElo "1926"]
[BlackElo "1667"]
[WhiteFideId "36051284"]
[BlackFideId "651016931"]
[EventDate "2020.05.16"]

1. c4 e6 2. g3 Nf6 3. Bg2 d5 4. d4 Bb4+ 5. Bd2 Be7 6. Nf3 O-O 7. O-O Nbd7 8. Bf4
Nh5 9. Bc1 c5 10. cxd5 exd5 11. Nc3 Nhf6 12. Bf4 c4 13. b3 cxb3 14. axb3 Qb6 15.
Ne5 Rd8 16. Nxd5 Nxd5 17. Bxd5 Nxe5 18. dxe5 Be6 19. e4 Rac8 20. Qd2 Bb4 21. Qd3
Rc3 22. Qd1 Bc5 23. Bd2 Rd3 24. Qe2 Qb5 25. Bxe6 fxe6 26. Be3 Bxe3 27. fxe3 Qxb3
28. Qf3 Qb4 29. Qf7+ Kh8 30. Rab1 Qc5 31. Kg2 Rxe3 32. Rxb7 Re2+ 33. Kh3 Qxe5
34. Qf8+ Rxf8 35. Rxf8# 1-0